000 00545cam a2200181 a 4500
020 _a4130680250 :
020 _a0860083829 (U.S.)
040 _cDLC
082 0 0 _a573 UNI 1985 A032 Or.
100 1 _aMizoguchi, Yƫji,
245 1 0 _aShovelling, a statistical analysis of its morphology /
260 _a[Tokyo] :
_bUniversity of Tokyo Press,
_cc1985.
300 _axiii, 176 p. :
_bill. ;
_c27 cm.
490 1 _aThe University Museum, the University of Tokyo, bulletin ;
650 0 _aDental anthropology
650 0 _aIncisors
942 _cEK
999 _c11814
_d11814